अवान्तर कथा / (Record no. 116214)

MARC details
000 -LEADER
fixed length control field 00965nam a22002537a 4500
005 - DATE AND TIME OF LATEST TRANSACTION
control field 20170124103036.0
010 ## - LIBRARY OF CONGRESS CONTROL NUMBER
LC control number B-000789
020 ## - INTERNATIONAL STANDARD BOOK NUMBER
Terms of availability 70.00
International Standard Book Number 8170164583
035 ## - SYSTEM CONTROL NUMBER
System control number B-000789
037 ## - SOURCE OF ACQUISITION
Source of stock number/acquisition Cen Lib/Ret
040 ## - CATALOGING SOURCE
Original cataloging agency DPL
Language of cataloging HN
082 ## - DEWEY DECIMAL CLASSIFICATION NUMBER
Classification number
Item number अनामि
100 ## - MAIN ENTRY--PERSONAL NAME
Personal name अनामिका
9 (RLIN) 65369
245 ## - TITLE STATEMENT
Title अवान्तर कथा /
Statement of responsibility, etc अनामिका
246 ## - VARYING FORM OF TITLE
Title proper/short title Awantar katha /
Remainder of title by Anamika
260 ## - PUBLICATION, DISTRIBUTION, ETC. (IMPRINT)
Place of publication, distribution, etc नयी दिल्ली
Name of publisher, distributor, etc किताबघर प्रकाशन
Date of publication, distribution, etc 2000
270 ## - ADDRESS
Address 24, अंसारी रोड, दरियागंज
City नयी दिल्ली
Postal code 110002
300 ## - PHYSICAL DESCRIPTION
Extent 108पृ.
Dimensions 20सेमी(सजिल्द )
650 ## - SUBJECT ADDED ENTRY--TOPICAL TERM
Topical term or geographic name as entry element हिंदी साहित्य
General subdivision
Geographic subdivision
9 (RLIN) 65370
650 ## - SUBJECT ADDED ENTRY--TOPICAL TERM
Topical term or geographic name as entry element हिंदी उपन्यास
9 (RLIN) 65371
650 ## - SUBJECT ADDED ENTRY--TOPICAL TERM
Topical term or geographic name as entry element Hindi literature
Form subdivision
9 (RLIN) 65372
650 ## - SUBJECT ADDED ENTRY--TOPICAL TERM
Topical term or geographic name as entry element Hindi fiction
9 (RLIN) 27248
942 ## - ADDED ENTRY ELEMENTS (KOHA)
Source of classification or shelving scheme Dewey Decimal Classification
Koha item type Hindi Books
Classification part
Call number suffix अनामि
Holdings
Withdrawn status Lost status Damaged status Not for loan Home library Current library Date acquired Source of acquisition Cost, normal purchase price Total Checkouts Full call number Barcode Date last seen Date checked out Copy number Cost, replacement price Price effective from Koha item type
        Central Library Central Library 22/08/2015 Cen Lib/Ret 70.00 3 उ अनामि B-000789 01/01/2025 23/12/2024 1 70.00 22/08/2015 Hindi Books

© Delhi Public Library
Hit Counter
free hit counter